000 01614 a2200253 4500
001 22376
005 20260407155514.0
008 260407a2000 arg spa d
003 AR-UNSa-BCEJYS
040 _aAR-UNSa-BCEJYS
_bspa
_cAR-UNSa-BCEJYS
080 _a336.13
_xFinanzas del sector público
245 1 0 _aLa economía del sector público
020 _a978-84-95348-05-0
250 _a3a. ed
264 1 _aBarcelona :
_bAntoni Bosch
_c2000
300 _axv, 738 p.
_c24 cm.
505 _a1. El sector público en una economía mixta - 2. El sector público en Estados Unidos - 3. La eficiencia del mercado - 4. Los fallos del mercado - 5. Eficiencia y equidad - 6. Los bienes públicos y los bienes privados suministrados por el Estado - 7. La elección pública - 8. Producción pública y burocracia - 9. Las externalidades y el medio medio ambiente - 10. El análisis de la política de gasto - 11. Análisis coste-beneficio - 12. La sanidad - 13. La defensa y la tecnología - 14. La seguridad social - 15. Los programas de asistencia social y la redistribución de la renta - 16. La educación - 17. Los impuestos: introducción - 18. La incidencia de los impuestos - 19. Los impuestos y la eficiencia económica - 20. Los impuestos óptimos - 21. Los impuestos sobre el capital - 22. El federalismo fiscal - 23. Los impuestos y los gastos regionales y municipales - 24. La financiación mediante déficit
041 _aspa
942 _cBK
590 _aniveau_biblio:m niveau_hierar:0
100 1 _aStiglitz, Joseph E.
700 1 _aRabasco, María Esther
700 1 _aToharia Cortés, Luis
999 _c993
_d993